000 01137nac a22003617a 4500
001 BR0300626
003 BR-BrBNA
005 20240105122732.0
008 230509b bl.|||m| |||| 00| 0 por d
040 _aBR-BrBNA
_bpor
_cBiblioteca Nacional de Agricultura
072 _aQ04
090 _a9910 BR0300626
100 1 _aAssad, E.D.
100 1 _aCunha, S.A.R.
100 1 _aSano, E.E.
100 1 _aCorrêa, T.B.S.
100 1 _aRodrigues, H.R.
110 1 _aEMBRAPA Cerrados, Planaltina, DF (Brasil)
245 1 _aIdentificação e quantificação de impurezas e misturas em café torrado e moído por análise de imagens
260 3 _aBrasília, DF (Brasil):
_c2001.
300 _a3 p.
490 _aComunicado Técnico - EMBRAPA Cerrados (Brazil)
_vno. 44
_xISSN 1517-1469
500 _aSummary (En)
650 _aCAFÉ TRATADO
650 _aANÁLISE QUANTITATIVA
650 _aANÁLISE DE ALIMENTO
650 _aMISTURA
650 _aTECNOLOGIA DE ALIMENTO
650 _aCONTROLE DE QUALIDADE
650 _aMODELO MATEMÁTICO
909 _a202312
_bLúcia Elande
_c55
_dLúcia Elande
942 _2AGRIS
_n0
_cMS
999 _c292575
_d292575